| 000 | 00817cam a22002417a 4500 | ||
|---|---|---|---|
| 020 | _a076951233X | ||
| 020 | _a0769512348 (case) | ||
| 020 | _a0769512356 (microfiche) | ||
| 040 | _cLHL | ||
| 082 | 0 | 0 | _a621 IEE 2001 A051 Or. |
| 245 | 0 | 0 |
_a10th anniversary compendium of papers from Asian Test Symposium : _bproceedings : 1992-2001 / |
| 246 | 3 | 1 | _aATS 2001 compendium |
| 260 |
_aLos Alamitos, Calif. : _bIEEE Computer Society, _cc2001. |
||
| 300 |
_axii, 374 p. : _bill. ; _c28 cm. |
||
| 500 | _a"ATS 2001 compendium"--Half T.p. | ||
| 500 | _a"IEEE Computer Society Order Number PR01233"--T.p. verso. | ||
| 650 | 0 | _aElectronic digital computers | |
| 650 | 0 | _aElectronic circuits | |
| 650 | 0 | _aFault-tolerant computing | |
| 710 | 2 | _aIEEE Computer Society. | |
| 710 | 2 | _aAsian Test Symposium. | |
| 942 | _cEK | ||
| 999 |
_c14734 _d14734 |
||